| 000 | 00676nam a22001811i 4500 | ||
|---|---|---|---|
| 001 | 10615 | ||
| 090 | _a10615 | ||
| 010 | _a9789727595457 | ||
| 100 | _a20170304u u u0frey50 ba | ||
| 200 | 1 |
_fSussan Forward _aQuando o seu amor é um mentiroso _ecomo curar a dor das mentiras e traições |
|
| 215 |
_a246p _d21 cm |
||
| 702 | 1 |
_aSauer _bAlyda Christina _4730 |
|
| 701 | 1 |
_aFrazier _bDonna _4070 |
|
| 700 | 1 |
_aForward _bSussan _4070 |
|
| 210 |
_cTemas e Debates _aLisboa _d2002 |
||
| 996 |
_f0011633 _kFOR _m00000000 _n00000000 _aBMVA _b1 _vViana do Alentejo _xPsicologia _y25 _eLivro _10 _31 |
||
| 996 |
_f0014819 _kFOR _m00000000 _n00000000 _aBMVAAG _b4 _vAguiar _xPsicologia _y25 _eLivro _10 _31 |
||
| 990 | _cLIVROS | ||